Joueurs de Tennis de A à Z - Statistiques

Statistiques générales
  • Ce quiz a été pris 387 fois
  • Le résultat moyen est 18 sur 25
Statistiques - réponses
Par images Hint Réponse % Correct
A : Carlos Alcaraz
99%
F : Roger Federer
97%
M : Gaël Monfils
96%
D : Novak Djokovic
96%
N : Rafael Nadal
96%
T : Stefanos Tsitsipas
92%
Z : Alexander Zverev
90%
Prénom en Y : Yannick Noah
88%
W : Stanislas Wawrinka
86%
G : Caroline Garcia
81%
S : Iga Swiatek
81%
R : Casper Ruud
80%
Prénom en U : Ugo Humbert
77%
J : Ons Jabeur
71%
B : Matteo Berrettini
68%
C : Arthur Cazaux
64%
I : John Isner
63%
H : Hubert Hurkacz
60%
O : Jelena Ostapenko
56%
K : Karen Khachanov
55%
P : Tommy Paul
54%
E : Tomas Martin Etcheverry
43%
V : Marketa Vondrousova
35%
L : Constant Lestienne
32%
Prénom en Q : Qinwen Zhang
31%
Aucun quiz correspondant
Distribution des résultats
% des personnes avec chaque résultat
Percentile par nombre de réponses
Votre historique - résultats
Vous n’avez pas pris ce quiz